00626nam a2200133 a 450000100100000000500170001000800410002704000250006811000270009324000180012024502740013826000600041230000200047200004100020201002034536.0130912s dr 000 0 spa d aDO-SdBNPbspacBNPHU1 aRepública Dominicana10a[Leyes, etc.]10aLey no. 138-11 :bley orgánica del Consejo Nacional de la Magistratura : ley 137-11, ley orgánica del Tribunal Constitucional y de los procedimientos constitucionales (mod. por la ley 145--11 del 4--07-2011) : ley no.133-11, ley orgánica del Ministerio Público. aMoca, República Dominicana :bEditora Dalis,c[200?]. a92 p. ;c22 cm.